00855 a2200181 4500003000500000005001700005010001700022020002800039040000900067082001600076100002200092245007000114260006300184300003400247505033700281650003500618700002000653Nust20220815184531.0 a 2003061139 a0130224723 (alk. paper) cNust00a621.382,HAY1 aHaykin, Simon S.,10aModern wireless communications /cSimon Haykin and Michael Moher. aUpper Saddle River, N.J. :bPearson/Prentice Hall,cc2005. axvi, 560 p. :bill. ;c25 cm. aIntroduction (Page-1), Propagation and noise(Page-11), Modulation and frequency division multiple access (Page-103), Coding and time division multiple access (Page-179), Spread spectrum and code division multiple access (Page-258), Diversity,capacity and space division multiple access (Page-339), Wireless architectures (Page-450). 0aTelecommunication Engineering.1 aMoher, Michael.